|
|
|
|
| LEADER |
00000nam a2200000 a 4500 |
| 001 |
vtls001304906 |
| 003 |
SK-MaSNL |
| 005 |
20260301004936.0 |
| 008 |
240314s1972 xo a 00000 slo |
| 035 |
|
|
|a SNK000257120
|
| 040 |
|
|
|a SNK
|b slo
|c SNK
|e AACR2
|
| 041 |
0 |
|
|a slo
|
| 044 |
|
|
|a xo
|c SK
|
| 080 |
|
|
|a 007+004
|2 MDT-MRF
|
| 080 |
|
|
|a 001.4
|2 MDT-MRF
|
| 080 |
|
|
|a (048.8)
|2 MDT-MRF
|
| 100 |
1 |
|
|a Šímová, Viera,
|d 1922-2007
|4 aut
|9 80054
|
| 245 |
1 |
0 |
|a Koncepcia a metodika terminologickej práce v informatike
|b štúdia k čiastkovej výskumnej úlohe P 18-121-001-00-10 Terminológia informatiky
|c spracovali: Viera Šimková, Marta Nálevková
|
| 260 |
|
|
|a Bratislava
|b Slovenská technická knižnica
|c 1972
|
| 300 |
|
|
|a 123 s.
|c 29 cm
|
| 504 |
|
|
|a Obsahuje bibliogr.
|
| 650 |
0 |
7 |
|a terminológia
|2 SNKPH
|9 3617
|
| 650 |
0 |
7 |
|a informatika
|2 SNKPH
|9 1124
|
| 655 |
|
7 |
|a štúdie
|2 SNKPH
|9 57033
|
| 700 |
1 |
|
|a Nálevková, Marta
|4 aut
|9 288508
|
| 958 |
|
|
|a OND
|
| 999 |
|
|
|c 543762
|d 545692
|
| 952 |
|
|
|a SNK
|b SNK
|y PREZ
|7 0
|p 17A0097157
|o snkSB 71322
|i snk2005/18656
|8 5
|0 0
|1 0
|4 0
|d 2005-11-07
|f 1
|l 0
|r 2025-04-23 00:00:00
|w 2026-02-23
|